00553cam a22001931 450000100060000000300080000600500170001400800390003103500190007004000270008904100080011608200180012410000380014224500360018026000430021630000210025950400200028060000590030032040BD-RjUL20211209051800.0140423s1960 nyu 001 0beng a(BD-RjUL)32129 aDLCcDLCdBD-RjULbeng aeng00a193bCAL 19601 aCarr, Herbert Wildon,d1857-1931.10aLeibniz /cHerbert Wildon Carr. aNew York :bDover Publications,c1960. a222 p. ;c21 cm. aIncludes index.10aLeibniz, Gottfried Wilhelm,cFreiherr von,d1646-1716.